000 01170 a2200217 4500
003 Nust
005 20221123110424.0
010 _a 96072184
020 _a0790610914
040 _cNust
082 0 0 _a621.381045,MAR
100 1 _aMartin, Vaughn
_9103405
245 1 0 _aOptoelectronics Vol.2 /
_cVaughn D. Martin.
250 _bVol. 2
260 _aIndianapolis, IN :
_bPrompt Publications,
_cc1997
300 _a264p
_bill. ;
_c28 cm.
505 0 _aUV Theory and Application (Page-7), IR Theory and Application : Non – Contact Temperature Measurement (Page-31), IR DA and Bar Code IR Applications and Wrist Instruments (Page-55), Opt couplers (Page-87), Quiz (Page-101), Phototransistors and Opt interrupters (Page-103), Quiz (Page-113), Optical Triac Drivers (Page-115), Quiz (Page-125), Photoelectric Sensing (Pag-127), Quiz (Page-143), Experimenting With Modern Optoelectronics - ICs (Page-145), Quiz (Page-157), Experimenting With The TSL Series of Optoelectronic s IC (Page-159), Quiz (Page-171), Optoelectronics Projects (Page-173), Quiz (Page-221),
650 0 _aOptoelectronics.
_955912
650 0 _aTelecommunication Engineering
942 _2ddc
_cBK
999 _c181908
_d181908